| 000 | 00543nam a22001697a 4500 | ||
|---|---|---|---|
| 003 | MACL | ||
| 005 | 20160211155602.0 | ||
| 008 | 160211b xxu||||| |||| 00| 0 eng d | ||
| 040 | _cMACL | ||
| 041 | _aHindi | ||
| 082 | _a294 | ||
| 100 |
_aराधाकृष्णन संवपल्ली डॅ _937892 |
||
| 245 | _aभारत की अन्तरात्मा | ||
| 260 |
_aस्न्मार्ग प्रकाशन _bनई दिल्ली |
||
| 650 |
_aReligion _937893 |
||
| 942 |
_2ddc _cBK |
||
| 999 |
_c53285 _d53285 |
||